| 000 | 00603nam a2200193 a 4500 | ||
|---|---|---|---|
| 005 | 20231017063803.0 | ||
| 008 | 991125s1967 mx 000 0 eng u | ||
| 035 | _aUPN01000031296 | ||
| 049 | _aLT | ||
| 050 | 4 |
_aLB1631 M6.3 _bP5.5 |
|
| 100 | 1 |
_aPicazo de Murray, Elena _929578 |
|
| 245 | 1 | 0 |
_aInglés día a día : _blibro tercero / _cElena Picazo de Murray y Paul V. Murray |
| 260 |
_aMéxico : _bImpr. Aldina, _c1967 |
||
| 300 |
_a205 p. : _bil. |
||
| 650 | 4 |
_aInglés _xEstudio y enseñanza (Secundaria) _95708 |
|
| 700 | 1 |
_aMurray, Paul V., _ecoaut. _929699 |
|
| 904 |
_aAC _b031297 |
||
| 905 | _aLibro | ||
| 999 |
_c31296 _d31296 |
||